Cộng đồng quốc gia dân tộc Việt Nam

שמור ב:
מידע ביבליוגרפי
מחבר ראשי: Đặng, Nghiêm Vạn
פורמט: ספר
יצא לאור: Tp.Hồ Chí Minh ĐHQG Tp.Hồ Chí Minh 2003
נושאים:
תגים: הוספת תג
אין תגיות, היה/י הראשונ/ה לתייג את הרשומה!
Thư viện lưu trữ: Trung tâm Học liệu Lê Vũ Hùng, Trường Đại học Đồng Tháp
LEADER 00796pam a22002418a 4500
001 00038761
005 20171026081025.0
008 170516s2003 ||||||Viesd
041 0 # |a Vie 
082 1 4 |a 305.895 97  |b C455Đ 
100 1 # |a Đặng, Nghiêm Vạn 
245 1 0 |a Cộng đồng quốc gia dân tộc Việt Nam  |c Đặng Nghiêm Vạn 
260 # # |a Tp.Hồ Chí Minh  |b ĐHQG Tp.Hồ Chí Minh  |c 2003 
300 # # |a 398 tr. 
653 # # |a Cộng đồng quốc gia 
653 # # |a dân tộc 
653 # # |a Việt Nam 
852 # # |b Kho mượn  |j KM.0022166 
852 # # |b Kho đọc  |j KD.0021088 
852 # # |j KD.0021088  |j KM.0022166 
910 |d 16/05/2017 
980 # # |a Trung tâm Học liệu Lê Vũ Hùng, Trường Đại học Đồng Tháp